| 000 | 01061cam a2200217 4500 | ||
|---|---|---|---|
| 001 | ABS64406 | ||
| 008 | 010821n2001 000 0 eng u | ||
| 035 | _a(Sirsi) u114222 | ||
| 245 | _aInadvertently granting consent under a lease | ||
| 260 | _c2001 | ||
| 490 |
_aCommercial Property _v4(1) 2001, 2-3(1) |
||
| 520 | _aA tenant requires the landlord's consent before assigning the lease subletting, carrying out alterations or changes of use of the demised property. A landlord normally consents using a formal licence granted as a deed, containing terms and conditions to protect the landlord's position. However, a landlord needs to beware of granting consent inadvertently before the licence is completed. Suggests wording to avoid this. | ||
| 590 | _aABS | ||
| 650 | _aCONSENT | ||
| 650 | _aLEASES | ||
| 650 | _aPRUDENTIAL ASSURANCE CO LTD V MOUNT EDEN LAND LTD | ||
| 650 | _aNEXT PLC V NATIONAL FARMERS UNION MUTUAL INSURANCE CO LTD AND ANOTHER | ||
| 650 | _aPROPERTY-COMMERCIAL PROPERTY | ||
| 690 | _aLANDLORD AND TENANT-LEASES | ||
| 942 | _n0 | ||
| 999 |
_c68041 _d68041 |
||